Central Library OPAC University of Rajshahi

Contemporary art & artists : (Record no. 18133)

MARC details
000 -LEADER
fixed length control field 00904cam a22002775a 4500
001 - CONTROL NUMBER
control field 18133
003 - CONTROL NUMBER IDENTIFIER
rucl marc code BD-RjUL
005 - DATE AND TIME OF LATEST TRANSACTION
control field 20211209000236.0
008 - FIXED-LENGTH DATA ELEMENTS--GENERAL INFORMATION
fixed length control field 140219s2010 bg a b 001 0 eng d
020 ## - INTERNATIONAL STANDARD BOOK NUMBER
International Standard Book Number 9840802569
035 ## - SYSTEM CONTROL NUMBER
System control number (BD-RjUL) 18191
040 ## - CATALOGING SOURCE
Original cataloging agency DLC
Transcribing agency DLC
Modifying agency DLC
-- BD-RjUL
Language of cataloging eng
041 ## - LANGUAGE CODE
Language code of text/sound track or separate title eng
082 ## - DEWEY DECIMAL CLASSIFICATION NUMBER
Classification number 700.9295492
Author mark and year ISC 2010
100 1# - MAIN ENTRY--PERSONAL NAME
Personal name Islam, Nazrul,
Dates associated with a name 1941-
9 (RLIN) 55867
245 10 - TITLE STATEMENT
Title Contemporary art & artists :
Remainder of title Bangladesh and beyond /
Statement of responsibility, etc. Nazrul Islam.
246 3# - VARYING FORM OF TITLE
Title proper/short title Contemporary art and artists
260 ## - PUBLICATION, DISTRIBUTION, ETC. (IMPRINT)
Place of publication, distribution, etc. Dhaka :
Name of publisher, distributor, etc. Academic Press and Publishers Library,
Date of publication, distribution, etc. c2010.
300 ## - PHYSICAL DESCRIPTION
Pagination viii, 152 p. :
Illustrations ill. (some col.) ;
Size 22 cm.
504 ## - BIBLIOGRAPHY, ETC. NOTE
Bibliography, etc Includes bibliographical references and index.
650 #0 - SUBJECT ADDED ENTRY--TOPICAL TERM
Topical term or geographic name as entry element Art, Bangladeshi
Chronological subdivision 20th century.
9 (RLIN) 55868
Topical term or geographic name as entry element Art, Bangladeshi
Chronological subdivision 21st century.
9 (RLIN) 55869
942 ## - ADDED ENTRY ELEMENTS (KOHA)
Source of classification or shelving scheme Dewey Decimal Classification
Koha item type Books
Holdings
Lost status Source of classification or shelving scheme Damaged status Not for loan Collection code Permanent Location Current Location Shelving location Date acquired Source of acquisition Cost, normal purchase price Total Checkouts Full call number Date last seen Copy number Koha item type
  Dewey Decimal Classification     Non-fiction Central Library, University of Rajshahi Central Library, University of Rajshahi   12/04/2011 Chairman, U.G.C. 275.00   700.9295492 ISC 2010 19/02/2014 C-3 Books
  Dewey Decimal Classification   Not For Loan Non-fiction Central Library, University of Rajshahi Central Library, University of Rajshahi Reading Room 12/04/2011 Chairman,U.G.C. 275.00   700.9295492 ISC 2010 24/01/2017 C-1 Books
  Dewey Decimal Classification   Not For Loan Non-fiction Central Library, University of Rajshahi Central Library, University of Rajshahi   12/04/2011 Chairman,U.G.C. 275.00   700.9295492 ISC 2010 24/01/2017 C-2 Books